| 000 -ლიდერი |
| ფიქსირებული სიგრძის საკონტროლო ველი |
00926nam a22001937a 4500 |
| 003 - საკონტროლო ნომრის იდენტიფიკატორი |
| საკონტროლო ველი |
Ge_BSU |
| 005 - ბოლო ოპერაციის თარიღი და დრო |
| საკონტროლო ველი |
20230728135312.0 |
| 008 - ფიქსირებული სიგრძის მონაცემთა ელემენტები - ზოგადი ინფორმაცია |
| ფიქსირებული სიგრძის საკონტროლო ველი |
230728s2022ge xxu||||| |||| 00| 0 geo d |
| 041 ## - ენის კოდი |
| Language code of text/sound track or separate title |
geo |
| 080 ## - უნივერსალური ათობითი კლასიფიკაციის ინდექსი |
| Universal Decimal Classification number |
632 ა-36 |
| 245 ## - ცნობა სათაურის შესახებ |
| Title |
აზიური ფაროსანა (აზიური ბაღლინჯო) |
| 264 ## - წარმოების, გამოცემის, დისტრიბუციის და სხვა ცნობები |
| გამოცემის, წარმოების, დისტრიბუციის... ადგილი |
თბილისი, |
| გამოცემის, წარმოების, დისტრიბუციის... თარიღი |
[2022]. |
| 300 ## - ფიზიკური აღწერა |
| Extent |
14 გვ.: |
| Other physical details |
ილ; |
| Dimensions |
28 სმ. |
| 440 ## - სერიის ცნობა / დამატებულია ჩანაწერი - სათაური |
| Title |
აგროსფერო |
| 9 (RLIN) |
19560 |
| 653 ## - INDEX TERM--UNCONTROLLED |
| Uncontrolled term |
აზიური ფაროსანა (აზიური ბაღლინჯო) |
| 653 ## - INDEX TERM--UNCONTROLLED |
| Uncontrolled term |
მცენარეთა მავნებლები, მცენარეთა დაავადებანი, მცენარეთა დაცვა. |
| 856 ## - ELECTRONIC LOCATION AND ACCESS |
| Uniform Resource Identifier |
https://agrosphere.ge/manager/filemanager/files/4/Files/Pests&Diseases/BMSB/BMSB.pdf |
| Link text |
ელექტრონული ვერსია |
| 942 ## - ADDED ENTRY ELEMENTS (KOHA) |
| Source of classification or shelving scheme |
|
| Koha item type |
წიგნი |